Statistics for Empty Pixelated United States Map

Click here to take the quiz!

General Stats

  • This quiz has been taken 2,769 times
  • The average score is 288 of 332

Answers on the Map

Answers color-coded by a green-red scale on the quiz's map according to % correct below.
 

Answer Stats

State% Correct
California
97%
Texas
97%
Florida
93%
Washington
93%
New Mexico
92%
Arizona
91%
Nevada
91%
New York
91%
North Dakota
90%
Oregon
90%
Idaho
89%
South Dakota
89%
Alabama
88%
Colorado
88%
Montana
88%
Utah
88%
Georgia
87%
Kansas
86%
Maine
85%
Michigan
85%
Mississippi
85%
Arkansas
84%
North Carolina
84%
Ohio
84%
Wyoming
84%
Louisiana
83%
Oklahoma
83%
South Carolina
83%
Illinois
81%
Nebraska
81%
Virginia
81%
Iowa
80%
Kentucky
80%
Minnesota
80%
Indiana
79%
Missouri
79%
Tennessee
79%
Wisconsin
79%
Alaska
78%
Pennsylvania
76%
Hawaii
75%
West Virginia
75%
Vermont
73%
Maryland
68%
Massachusetts
65%
Connecticut
59%

Score Distribution

Percentile by Number Answered

Percent of People with Each Score

Your Score History

You have not taken this quiz